[Event "24th Rubinstein Memorial"]
[Site "Polanica Zdroj POL"]
[Date "1986.08.??"]
[Round "6"]
[White "Tischbierek, Raj"]
[Black "Farago, Ivan"]
[Result "1/2-1/2"]
[WhiteElo "2425"]
[BlackElo "2520"]
[EventDate "1986.08.04"]
[PlyCount "29"]

1.e4 e6 2.d4 d5 3.Nd2 Nf6 4.e5 Nfd7 5.c3 c5 6.Ngf3 Nc6 7.Bd3 Qb6 8.O-O 
cxd4 9.cxd4 Nxd4 10.Nxd4 Qxd4 11.Nf3 Qb6 12.Qc2 Qc5 13.Qe2 Qb6 14.Qc2 Qc5 
15.Qe2 1/2-1/2

[Event "24th Rubinstein Memorial"]
[Site "Polanica Zdroj POL"]
[Date "1986.08.??"]
[Round "6"]
[White "Hawelko, Marek"]
[Black "Pekarek, Ales"]
[Result "1/2-1/2"]
[WhiteElo "2480"]
[BlackElo "2445"]
[EventDate "1986.08.04"]
[PlyCount "80"]

1.e4 c5 2.Nf3 Nc6 3.d4 cxd4 4.Nxd4 g6 5.c4 Bg7 6.Be3 Nf6 7.Nc3 d6 8.Be2 
O-O 9.O-O Re8 10.f3 Nxd4 11.Bxd4 Be6 12.Qd2 Qa5 13.Rfc1 Rec8 14.b3 Nd7 15.
Be3 b5 16.Rab1 bxc4 17.bxc4 Rab8 18.Nd5 Qxd2 19.Bxd2 Bxd5 20.exd5 Bb2 21.
Rd1 Rc7 22.Be3 Rcb7 23.Kf1 Ba3 24.Rb5 a6 25.Rxb7 Rxb7 26.Bd4 Bc5 27.Bc3 
Be3 28.Bd3 Bf4 29.g3 Be5 30.Bxe5 Nxe5 31.f4 Nxd3 32.Rxd3 Rb2 33.Ra3 Rxh2 
34.Rxa6 Rc2 35.Rc6 Rxa2 36.c5 dxc5 37.Rxc5 Kg7 38.d6 exd6 39.Rd5 Ra6 40.g4
Ra4 1/2-1/2

[Event "24th Rubinstein Memorial"]
[Site "Polanica Zdroj POL"]
[Date "1986.08.??"]
[Round "6"]
[White "Murshed, Niaz"]
[Black "Lerner, Konstantin"]
[Result "0-1"]
[WhiteElo "2415"]
[BlackElo "2550"]
[EventDate "1986.08.04"]
[PlyCount "88"]

1.c4 Nf6 2.Nc3 e6 3.e4 c5 4.e5 Ng8 5.d4 cxd4 6.Qxd4 Nc6 7.Qe4 d6 8.Nf3 
dxe5 9.Nxe5 Nf6 10.Nxc6 Qb6 11.Qf3 bxc6 12.g3 Bb7 13.Bg2 Be7 14.O-O O-O 
15.Bf4 Rad8 16.Rad1 Ba8 17.Qe2 c5 18.Bxa8 Rxa8 19.Rd3 Rad8 20.Rfd1 Qc6 21.
b3 h6 22.Rxd8 Rxd8 23.Rxd8+ Bxd8 24.Qd3 Be7 25.h4 a6 26.Qe2 Nd7 27.Qe4 
Qxe4 28.Nxe4 f5 29.Bd6 Kf7 30.Bxe7 Kxe7 31.Nc3 g5 32.hxg5 hxg5 33.f4 g4 
34.Kf2 Kd6 35.Na4 Nf6 36.Nc3 e5 37.fxe5+ Kxe5 38.Ke3 Nh5 39.Ne2 Nxg3 40.
Nxg3 f4+ 41.Kf2 fxg3+ 42.Kxg3 Kf5 43.Kg2 Kf4 44.Kf2 a5 0-1

[Event "24th Rubinstein Memorial"]
[Site "Polanica Zdroj POL"]
[Date "1986.08.??"]
[Round "7"]
[White "Pekarek, Ales"]
[Black "Murshed, Niaz"]
[Result "1/2-1/2"]
[WhiteElo "2445"]
[BlackElo "2415"]
[EventDate "1986.08.04"]
[PlyCount "121"]

1.Nf3 Nf6 2.c4 e6 3.Nc3 d5 4.d4 c6 5.e3 Nbd7 6.Bd3 Bd6 7.Qe2 dxc4 8.Bxc4 
e5 9.O-O O-O 10.Qc2 Qe7 11.Ng5 h6 12.Nge4 Nxe4 13.Nxe4 Bb8 14.d5 cxd5 15.
Bxd5 Nb6 16.Nc3 Bd6 17.e4 Bc5 18.Bb3 Be6 19.Be3 Rac8 20.Bxc5 Rxc5 21.Rfd1 
Rfc8 22.Rd3 Nc4 23.Rad1 b5 24.Qe2 a6 25.g3 Kh8 26.Nd5 Bxd5 27.Rxd5 Rxd5 
28.Rxd5 f6 29.Bxc4 bxc4 30.Kg2 Qb7 31.Qg4 Rg8 32.Rd2 Qb4 33.Qd7 Rb8 34.Qd5
Rc8 35.Qe6 Rb8 36.Re2 Rd8 37.Qxa6 Rd4 38.Qa8+ Kh7 39.a3 Qb3 40.Qa5 Qd1 41.
Qe1 Qb3 42.Qc1 Kg8 43.Qc2 Rd3 44.Qxb3 Rxb3 45.Rc2 Kf7 46.g4 g5 47.f3 Kg6 
48.Kg3 h5 49.gxh5+ Kxh5 50.Rxc4 Rxb2 51.Rc6 Kg6 52.a4 Ra2 53.Ra6 Kg7 54.h3
Kg6 55.a5 Kg7 56.Ra8 Kg6 57.a6 Kg7 58.Ra7+ Kg6 59.Ra8 Kg7 60.Kg4 Kg6 61.h4
1/2-1/2

[Event "24th Rubinstein Memorial"]
[Site "Polanica Zdroj POL"]
[Date "1986.08.??"]
[Round "7"]
[White "Farago, Ivan"]
[Black "Hawelko, Marek"]
[Result "0-1"]
[WhiteElo "2520"]
[BlackElo "2480"]
[EventDate "1986.08.04"]
[PlyCount "114"]

1.d4 Nf6 2.c4 e6 3.Nc3 Bb4 4.Nf3 c5 5.g3 Nc6 6.Bg2 Ne4 7.Bd2 Nxd2 8.Qxd2 
cxd4 9.Nxd4 Ne5 10.Nc2 Be7 11.Ne3 f5 12.O-O a6 13.f4 Nf7 14.Nc2 Qc7 15.b3 
Bf6 16.Rac1 d5 17.Na4 b5 18.cxb5 axb5 19.Nd4 Qa7 20.Nc5 Nd6 21.e3 Kf7 22.
Rc2 Re8 23.g4 fxg4 24.f5 exf5 25.Bxd5+ Kg6 26.Bxa8 Qxa8 27.Ne2 Ne4 28.Nxe4
Qxe4 29.Ng3 Qe5 30.Rc6 Bb7 31.Rb6 Bf3 32.Re1 h5 33.Qd3 h4 34.Rxb5 hxg3 35.
Rxe5 gxh2+ 36.Kf2 Bxe5 37.Qd7 Rh8 38.Qe6+ Bf6 39.e4 fxe4 40.Rh1 Bxh1 41.
Qxg4+ Kf7 42.Qd7+ Kg6 43.Qg4+ Bg5 44.Qe6+ Kh5 45.Kg3 Bf3 46.Kxh2 Bf4+ 47.
Kg1 Be3+ 48.Kf1 Rd8 49.Qf5+ Kh6 50.Qh3+ Kg5 51.Qg3+ Kf5 52.Qh3+ Kf6 53.
Qh4+ Bg5 54.Qg3 Rd1+ 55.Kf2 Rd2+ 56.Ke1 Be3 57.Qh4+ Kf7 0-1

[Event "24th Rubinstein Memorial"]
[Site "Polanica Zdroj POL"]
[Date "1986.08.??"]
[Round "7"]
[White "Dejkalo, Stefan"]
[Black "Lukacs, Peter"]
[Result "1/2-1/2"]
[WhiteElo "2450"]
[BlackElo "2435"]
[EventDate "1986.08.04"]
[PlyCount "43"]

1.c4 Nf6 2.Nc3 e6 3.e4 c5 4.e5 Ng8 5.d4 cxd4 6.Qxd4 Nc6 7.Qe4 d6 8.Nf3 
dxe5 9.Nxe5 Bd7 10.Nxd7 Qxd7 11.Bg5 Bb4 12.Bd2 Nf6 13.Qe3 O-O 14.a3 Be7 
15.Nb5 Qd8 16.Bc3 a6 17.Nd4 Qc7 18.Be2 Na5 19.Bxa5 Qxa5+ 20.b4 Qc7 21.O-O 
Rad8 22.Nb3 1/2-1/2

[Event "24th Rubinstein Memorial"]
[Site "Polanica Zdroj POL"]
[Date "1986.08.??"]
[Round "7"]
[White "Gaprindashvili, Nona"]
[Black "Jasnikowski, Zbigniew"]
[Result "1/2-1/2"]
[WhiteElo "2350"]
[BlackElo "2410"]
[EventDate "1986.08.04"]
[PlyCount "82"]

1.d4 Nf6 2.c4 g6 3.Nc3 d5 4.cxd5 Nxd5 5.e4 Nxc3 6.bxc3 Bg7 7.Nf3 c5 8.Rb1 
O-O 9.Be2 cxd4 10.cxd4 Qa5+ 11.Qd2 Qxd2+ 12.Bxd2 e6 13.Bc4 b6 14.d5 Ba6 
15.Bxa6 Nxa6 16.dxe6 fxe6 17.Ke2 Rfc8 18.Rhc1 Rc5 19.Rxc5 Nxc5 20.Rb4 b5 
21.Rxb5 Nxe4 22.Rb7 a5 23.a4 Nc5 24.Rb5 Nxa4 25.Bxa5 Nc3+ 26.Bxc3 Bxc3 27.
Ng5 Bf6 28.Ne4 Be7 29.Rb7 Kf8 30.Ke3 h5 31.Rb5 Ra4 32.h3 Kf7 33.f3 Ra2 34.
g3 Ra3+ 35.Kf4 Rd3 36.Rb7 Rd5 37.h4 Kf8 38.Ke3 Ke8 39.f4 e5 40.Rb8+ Kf7 
41.fxe5 Rxe5 1/2-1/2

[Event "24th Rubinstein Memorial"]
[Site "Polanica Zdroj POL"]
[Date "1986.08.??"]
[Round "7"]
[White "Lau, Ralf"]
[Black "Kuczynski, Robert"]
[Result "1-0"]
[WhiteElo "2455"]
[BlackElo "2435"]
[EventDate "1986.08.04"]
[PlyCount "81"]

1.e4 c5 2.Nf3 d6 3.d4 cxd4 4.Nxd4 Nf6 5.Nc3 a6 6.a4 e5 7.Nf3 h6 8.Bc4 Be6 
9.Bb3 Be7 10.O-O O-O 11.Re1 Nbd7 12.Nd5 Bxd5 13.Bxd5 Nxd5 14.Qxd5 Qc7 15.
c4 Nf6 16.Qd3 b5 17.cxb5 d5 18.Nd2 dxe4 19.Nxe4 Nxe4 20.Qxe4 axb5 21.Qxe5 
Bd6 22.Qxb5 Bxh2+ 23.Kh1 Ra5 24.Qe2 g6 25.Bxh6 Rb8 26.Ra3 Be5 27.Rh3 Qd7 
28.b3 Rd5 29.Qf3 Bd4 30.Rd1 Rd8 31.Be3 Be5 32.Qxd5 Qxd5 33.Rxd5 Rxd5 34.f4
Rd1+ 35.Kh2 Bd6 36.Rf3 g5 37.g3 Rd3 38.fxg5 Rxb3 39.Kg2 Ra3 40.Bf4 Ra2+ 
41.Rf2 1-0

[Event "24th Rubinstein Memorial"]
[Site "Polanica Zdroj POL"]
[Date "1986.08.??"]
[Round "8"]
[White "Jasnikowski, Zbigniew"]
[Black "Lau, Ralf"]
[Result "0-1"]
[WhiteElo "2410"]
[BlackElo "2455"]
[EventDate "1986.08.04"]
[PlyCount "74"]

1.d4 Nf6 2.c4 e6 3.Nf3 b6 4.g3 Ba6 5.b3 d5 6.Bg2 dxc4 7.Ne5 Bb4+ 8.Kf1 Bd6
9.Nxc4 Nd5 10.e4 Ne7 11.Bf3 Nbc6 12.Kg2 Bxc4 13.bxc4 e5 14.d5 Nd4 15.Be3 
c5 16.Nd2 O-O 17.Nb3 Qc7 18.Rc1 Rae8 19.Re1 Nxf3 20.Qxf3 f5 21.Bg5 fxe4 
22.Qg4 Nf5 23.Nd2 e3 24.Bxe3 e4 25.Bf4 Bxf4 26.Qxf4 Qxf4 27.gxf4 Nd6 28.
Kg3 Re7 29.Rc3 Rfe8 30.a4 g6 31.Ra3 Nf5+ 32.Kg2 e3 33.fxe3 Nxe3+ 34.Kf3 
Nxc4 35.Rxe7 Nxd2+ 36.Ke2 Rxe7+ 37.Kxd2 Re4 0-1

[Event "24th Rubinstein Memorial"]
[Site "Polanica Zdroj POL"]
[Date "1986.08.??"]
[Round "8"]
[White "Tischbierek, Raj"]
[Black "Dejkalo, Stefan"]
[Result "1-0"]
[WhiteElo "2425"]
[BlackElo "2450"]
[EventDate "1986.08.04"]
[PlyCount "121"]

1.e4 c5 2.Nf3 e6 3.d4 cxd4 4.Nxd4 a6 5.Be2 Nf6 6.Nc3 Bb4 7.Qd3 Qc7 8.O-O 
Nc6 9.Nxc6 bxc6 10.Bg5 a5 11.Bxf6 gxf6 12.Na4 d5 13.c4 dxe4 14.Qxe4 f5 15.
Qe3 Be7 16.Rad1 c5 17.Nc3 Bd7 18.Bf3 Rd8 19.Rfe1 Bc8 20.Qh6 Rxd1 21.Rxd1 
Rg8 22.Nb5 Qb6 23.Qxh7 Kf8 24.h4 e5 25.Nc3 Qf6 26.Nd5 Qxh4 27.Qxh4 Bxh4 
28.Nb6 Ke7 29.Rd5 e4 30.Rxc5 Be6 31.Be2 Bf6 32.Rxa5 Bd4 33.Nd5+ Kd6 34.b3 
Be5 35.Ra6+ Kc5 36.Ne7 Rd8 37.Nc6 Rd2 38.Nxe5 Rxe2 39.Rc6+ Kb4 40.Rb6+ Kc3
41.c5 Rxa2 42.Rd6 f4 43.c6 e3 44.fxe3 fxe3 45.Rd3+ Kb4 46.Rxe3 Bd5 47.c7 
Rxg2+ 48.Kf1 Rc2 49.Nc4 Bxc4+ 50.bxc4 Rxc4 51.Re4 Rxe4 52.c8=Q Rd4 53.Ke2 
f6 54.Ke3 Rd6 55.Qc7 Rd5 56.Ke4 Rc5 57.Qb6+ Kc4 58.Qa6+ Kc3 59.Qa3+ Kc4 
60.Qa4+ Kc3 61.Qd4+ 1-0

[Event "24th Rubinstein Memorial"]
[Site "Polanica Zdroj POL"]
[Date "1986.08.??"]
[Round "8"]
[White "Hawelko, Marek"]
[Black "Mokry, Karel"]
[Result "1-0"]
[WhiteElo "2480"]
[BlackElo "2520"]
[EventDate "1986.08.04"]
[PlyCount "121"]

1.e4 c5 2.Nf3 e6 3.d4 cxd4 4.Nxd4 a6 5.Bd3 Qc7 6.O-O Nf6 7.Be3 d5 8.Nc3 e5
9.Nxd5 Nxd5 10.exd5 exd4 11.Bxd4 f6 12.Qh5+ Kd8 13.Rfe1 Bd6 14.Re3 Nd7 15.
Rae1 Ne5 16.f4 Nf7 17.Bb5 axb5 18.Rc3 Nh6 19.Rxc7 Kxc7 20.Qf3 Bd7 21.b3 
Rae8 22.Qc3+ Kb8 23.Rxe8+ Rxe8 24.Qa5 Nf5 25.Ba7+ Kc8 26.Qc3+ Kd8 27.Bb6+ 
Ke7 28.g3 Kf7 29.Qd3 h5 30.c4 bxc4 31.bxc4 Rc8 32.Qc3 Bc5+ 33.Bxc5 Rxc5 
34.Qb4 Rc7 35.c5 Bc8 36.a4 Rd7 37.Qc4 Kg6 38.Kf2 Ne7 39.d6 Nc6 40.Qe4+ Kf7
41.Qd5+ Kf8 42.Qxh5 Rd8 43.Qh8+ Kf7 44.Qh5+ Kf8 45.g4 Be6 46.g5 fxg5 47.
fxg5 Kg8 48.h4 Rf8+ 49.Ke3 Ne5 50.g6 Ng4+ 51.Kd4 Rf4+ 52.Kc3 Rf3+ 53.Kd4 
Rf4+ 54.Kd3 Rxa4 55.Qg5 Nf6 56.h5 Rg4 57.Qe5 Re4 58.Qa1 Bd5 59.h6 Bc6 60.
Qb2 Rg4 61.Qa2+ 1-0

[Event "24th Rubinstein Memorial"]
[Site "Polanica Zdroj POL"]
[Date "1986.08.??"]
[Round "8"]
[White "Murshed, Niaz"]
[Black "Farago, Ivan"]
[Result "1-0"]
[WhiteElo "2415"]
[BlackElo "2520"]
[EventDate "1986.08.04"]
[PlyCount "55"]

1.d4 Nf6 2.c4 e6 3.Nc3 Bb4 4.f3 d5 5.a3 Bxc3+ 6.bxc3 c5 7.cxd5 Nxd5 8.dxc5
Qa5 9.e4 Nc7 10.Qd4 f6 11.Qb4 Nc6 12.Qxa5 Nxa5 13.Rb1 Bd7 14.c4 O-O-O 15.
Bd2 Nc6 16.Ne2 Be8 17.Nc3 Na6 18.Be3 Nd4 19.Kf2 Nc2 20.c6 Bxc6 21.Bxa7 
Rd2+ 22.Be2 Nxa3 23.Rb3 Nc2 24.Rd1 Rhd8 25.Rxd2 Rxd2 26.Rb2 Nab4 27.Kg3 
Rd7 28.Bb6 1-0

[Event "24th Rubinstein Memorial"]
[Site "Polanica Zdroj POL"]
[Date "1986.08.??"]
[Round "8"]
[White "Lerner, Konstantin"]
[Black "Pekarek, Ales"]
[Result "1/2-1/2"]
[WhiteElo "2550"]
[BlackElo "2445"]
[EventDate "1986.08.04"]
[PlyCount "120"]

1.c4 c5 2.Nf3 Nf6 3.Nc3 g6 4.e4 d6 5.d4 cxd4 6.Nxd4 Bg7 7.Be2 O-O 8.O-O 
Nc6 9.Be3 Bd7 10.Rc1 Nxd4 11.Bxd4 Bc6 12.f3 a5 13.b3 Nd7 14.Be3 Be5 15.Qd2
Nc5 16.Kh1 e6 17.Bg5 f6 18.Be3 Rf7 19.Nb5 f5 20.exf5 gxf5 21.f4 Ne4 22.Qd3
Bg7 23.Nd4 Qh4 24.Kg1 Rf6 25.Nf3 Qg4 26.Ne5 Qh4 27.Nxc6 bxc6 28.Rf3 Rg6 
29.g3 Qf6 30.Kh1 a4 31.b4 Rd8 32.b5 c5 33.Qc2 a3 34.Bg1 Qb2 35.Rb3 Qxc2 
36.Rxc2 Bb2 37.Be3 Rg7 38.Bc1 Bxc1 39.Rxc1 Ra8 40.Kg2 Rb7 41.Bf3 Ra4 42.
Re3 Kf7 43.Bd1 Ra5 44.g4 d5 45.Rh3 Kg7 46.gxf5 exf5 47.Bc2 dxc4 48.Bxe4 
fxe4 49.Rxc4 Rbxb5 50.Rxe4 Rb2+ 51.Kf3 Ra7 52.Rg3+ Kf6 53.Rg2 Rxg2 54.Kxg2
Rb7 55.Rc4 Rb2+ 56.Kg3 Rxa2 57.Rxc5 Re2 58.Ra5 a2 59.h3 Rb2 60.Kf3 Rc2 
1/2-1/2

[Event "24th Rubinstein Memorial"]
[Site "Polanica Zdroj POL"]
[Date "1986.08.??"]
[Round "9"]
[White "Farago, Ivan"]
[Black "Lerner, Konstantin"]
[Result "1/2-1/2"]
[WhiteElo "2520"]
[BlackElo "2550"]
[EventDate "1986.08.04"]
[PlyCount "74"]

1.d4 Nf6 2.c4 e6 3.Nf3 b6 4.g3 Ba6 5.b3 Bb4+ 6.Bd2 Be7 7.Bg2 O-O 8.O-O c6 
9.Bc3 d5 10.Nbd2 Nbd7 11.Re1 c5 12.e4 dxc4 13.bxc4 cxd4 14.Nxd4 Ne5 15.
Nxe6 fxe6 16.Bxe5 Bc5 17.Rf1 Qd3 18.Bxf6 Rxf6 19.Nb3 Rd8 20.Nxc5 bxc5 21.
Qxd3 Rxd3 22.Rfd1 Bxc4 23.Rxd3 Bxd3 24.Rc1 c4 25.Bf1 e5 26.Bxd3 cxd3 27.
Rd1 Rd6 28.Rd2 Kf7 29.a3 g5 30.f3 h5 31.Kf2 g4 32.Ke3 gxf3 33.Kxf3 Kg6 34.
Ke3 Kg5 35.h3 h4 36.g4 Ra6 37.Rxd3 Ra4 1/2-1/2

[Event "24th Rubinstein Memorial"]
[Site "Polanica Zdroj POL"]
[Date "1986.08.??"]
[Round "9"]
[White "Mokry, Karel"]
[Black "Murshed, Niaz"]
[Result "1/2-1/2"]
[WhiteElo "2520"]
[BlackElo "2415"]
[EventDate "1986.08.04"]
[PlyCount "26"]

1.e4 c5 2.Nf3 Nc6 3.d4 cxd4 4.Nxd4 e6 5.Nc3 d5 6.Be2 Nf6 7.Be3 Be7 8.f4 
O-O 9.O-O Bd7 10.Kh1 Nxd4 11.Bxd4 Bc6 12.Bd3 Nd7 13.Qg4 Bf6 1/2-1/2

[Event "24th Rubinstein Memorial"]
[Site "Polanica Zdroj POL"]
[Date "1986.08.??"]
[Round "9"]
[White "Dejkalo, Stefan"]
[Black "Hawelko, Marek"]
[Result "1-0"]
[WhiteElo "2450"]
[BlackElo "2480"]
[EventDate "1986.08.04"]
[PlyCount "121"]

1.d4 Nf6 2.c4 e6 3.Nc3 Bb4 4.Bd2 O-O 5.Nf3 b6 6.g3 Bb7 7.Bg2 c5 8.O-O cxd4
9.Nxd4 Bxg2 10.Kxg2 Qc8 11.Qb3 Qb7+ 12.f3 Na6 13.Rfd1 Bxc3 14.Bxc3 d5 15.
Nb5 dxc4 16.Qxc4 Nd5 17.Bd4 Rfd8 18.Bf2 Rdc8 19.Qb3 Nc5 20.Qa3 Qc6 21.Nd4 
Qa4 22.Qxa4 Nxa4 23.Rd2 a6 24.e4 Nf6 25.Ne2 Nc5 26.Rad1 Kf8 27.Rd6 Rab8 
28.Rc1 Ncd7 29.Rdc6 Rxc6 30.Rxc6 Ke7 31.Nc3 Rb7 32.Na4 b5 33.Nc5 Nxc5 34.
Bxc5+ Kd7 35.Rxa6 Ne8 36.Ra7 Rxa7 37.Bxa7 Kc6 38.Kf2 b4 39.Ke3 Kb5 40.Bb8 
Kc6 41.Kd3 Kc5 42.Ba7+ Kb5 43.Bb8 Kc5 44.g4 f6 45.Ba7+ Kb5 46.Kd4 Nd6 47.
Bc5 Nc4 48.Bf8 g6 49.b3 Nd2 50.Ke3 Nb1 51.Kd3 f5 52.exf5 exf5 53.gxf5 gxf5
54.Bg7 Kc5 55.Bb2 Kd5 56.f4 h5 57.Kc2 Na3+ 58.Bxa3 bxa3 59.Kd3 Kc5 60.Kc3 
h4 61.b4+ 1-0

[Event "24th Rubinstein Memorial"]
[Site "Polanica Zdroj POL"]
[Date "1986.08.??"]
[Round "9"]
[White "Gaprindashvili, Nona"]
[Black "Tischbierek, Raj"]
[Result "1/2-1/2"]
[WhiteElo "2350"]
[BlackElo "2425"]
[EventDate "1986.08.04"]
[PlyCount "34"]

1.d4 d5 2.c4 c6 3.cxd5 cxd5 4.Nc3 Nf6 5.Bf4 Nc6 6.e3 Bf5 7.Nf3 e6 8.Ne5 
Nxe5 9.Bxe5 Nd7 10.Bg3 a6 11.Bd3 Bxd3 12.Qxd3 Be7 13.O-O O-O 14.Rfc1 Rc8 
15.Rc2 Nb6 16.Rac1 Qd7 17.Ne2 Rxc2 1/2-1/2

[Event "24th Rubinstein Memorial"]
[Site "Polanica Zdroj POL"]
[Date "1986.08.??"]
[Round "9"]
[White "Lau, Ralf"]
[Black "Lukacs, Peter"]
[Result "0-1"]
[WhiteElo "2455"]
[BlackElo "2435"]
[EventDate "1986.08.04"]
[PlyCount "80"]

1.e4 e5 2.Nf3 Nc6 3.Bb5 a6 4.Ba4 Nf6 5.d3 d6 6.c3 g6 7.Nbd2 Bg7 8.Nf1 O-O 
9.Ng3 Re8 10.O-O b5 11.Bc2 Bb7 12.Bd2 Nb8 13.Qc1 Nbd7 14.h3 d5 15.Bh6 c5 
16.Bxg7 Kxg7 17.Qg5 Kh8 18.Rfe1 Qe7 19.exd5 Nxd5 20.Ne4 f6 21.Qh4 Rac8 22.
a4 b4 23.a5 Bc6 24.Bb3 Kg7 25.Bc4 Bb7 26.Rac1 Nf4 27.g4 h5 28.g5 f5 29.
Ned2 Qd6 30.Re3 e4 31.Rce1 exf3 32.Rxe8 Rxe8 33.Rxe8 Ne2+ 34.Kh1 Ne5 35.
Re6 Qc7 36.cxb4 cxb4 37.Nb3 f4 38.Nd2 Qxa5 39.Kh2 Qa1 40.Re7+ Kf8 0-1

[Event "24th Rubinstein Memorial"]
[Site "Polanica Zdroj POL"]
[Date "1986.08.??"]
[Round "9"]
[White "Kuczynski, Robert"]
[Black "Jasnikowski, Zbigniew"]
[Result "1-0"]
[WhiteElo "2435"]
[BlackElo "2410"]
[EventDate "1986.08.04"]
[PlyCount "127"]

1.e4 c5 2.Nf3 e6 3.d4 cxd4 4.Nxd4 Nc6 5.Nc3 d6 6.Be3 Nf6 7.Bc4 Be7 8.Qe2 
a6 9.O-O-O Qc7 10.Bb3 O-O 11.Kb1 b5 12.Nxc6 Qxc6 13.Bd4 Rb8 14.Rhe1 a5 15.
a4 bxa4 16.Bxa4 Qb7 17.Qb5 Qa8 18.Qc6 Rb7 19.e5 dxe5 20.Bxe5 Bd7 21.Qf3 
Bxa4 22.Nxa4 Rb4 23.Qxa8 Rxa8 24.b3 Kf8 25.Ka2 Rc8 26.c3 Rb7 27.c4 Nd7 28.
Bd6 Rc6 29.Ba3 Ke8 30.Re3 h5 31.g3 g6 32.h4 Bb4 33.Nc3 Bxc3 34.Rxc3 Nb6 
35.Rcd3 Rd7 36.Kb2 f5 37.Rxd7 Nxd7 38.Kc3 Nf6 39.Kd4 Rc8 40.Ke5 Kf7 41.f3 
a4 42.Rd3 Rc6 43.Kd4 axb3 44.Rxb3 Nd7 45.Rb7 Ke8 46.Ra7 Kd8 47.Bb4 Kc8 48.
Ra8+ Kb7 49.Re8 e5+ 50.Kd3 Kc7 51.Ba5+ Kd6 52.Bb4+ Kc7 53.Kc3 Rf6 54.Be7 
Ra6 55.c5 Ra3+ 56.Kc4 Rxf3 57.Bd6+ Kb7 58.Rd8 Nxc5 59.Kxc5 Rc3+ 60.Kd5 f4 
61.gxf4 exf4 62.Rb8+ Ka7 63.Bxf4 Rd3+ 64.Ke6 1-0

[Event "24th Rubinstein Memorial"]
[Site "Polanica Zdroj POL"]
[Date "1986.08.??"]
[Round "10"]
[White "Lukacs, Peter"]
[Black "Kuczynski, Robert"]
[Result "1-0"]
[WhiteElo "2435"]
[BlackElo "2435"]
[EventDate "1986.08.04"]
[PlyCount "80"]

1.d4 c5 2.d5 f5 3.g3 Nf6 4.Bg2 g6 5.b3 Bg7 6.Bb2 O-O 7.Nf3 d6 8.O-O Na6 9.
c4 Nc7 10.Nc3 Rb8 11.a4 b6 12.Qc2 a6 13.Rab1 b5 14.Ba1 Bd7 15.Nd2 Qe8 16.
e4 Qf7 17.Rbe1 fxe4 18.axb5 axb5 19.Ncxe4 Nxe4 20.Nxe4 Bxa1 21.Rxa1 bxc4 
22.bxc4 Rb7 23.Nxc5 dxc5 24.d6 Rb4 25.dxc7 Rxc4 26.Qb2 Bc8 27.Ra8 e6 28.
Qe5 Qf5 29.Qd6 Rd4 30.Qb6 Qe5 31.f4 Qe3+ 32.Kh1 Rd7 33.Qc6 Rdf7 34.Rd1 Kg7
35.Bf3 Kh6 36.Kg2 e5 37.Rxc8 Rxc8 38.Rd7 e4 39.Bg4 Rff8 40.Qd5 Qc3 1-0

[Event "24th Rubinstein Memorial"]
[Site "Polanica Zdroj POL"]
[Date "1986.08.??"]
[Round "10"]
[White "Tischbierek, Raj"]
[Black "Lau, Ralf"]
[Result "1/2-1/2"]
[WhiteElo "2425"]
[BlackElo "2455"]
[EventDate "1986.08.04"]
[PlyCount "22"]

1.e4 c5 2.Nf3 d6 3.d4 cxd4 4.Nxd4 Nf6 5.Nc3 a6 6.f4 e6 7.Be2 Be7 8.O-O O-O
9.Kh1 Qc7 10.a4 Nc6 11.Be3 Re8 1/2-1/2

[Event "24th Rubinstein Memorial"]
[Site "Polanica Zdroj POL"]
[Date "1986.08.??"]
[Round "10"]
[White "Hawelko, Marek"]
[Black "Gaprindashvili, Nona"]
[Result "1-0"]
[WhiteElo "2480"]
[BlackElo "2350"]
[EventDate "1986.08.04"]
[PlyCount "61"]

1.e4 c5 2.Nf3 d6 3.d4 cxd4 4.Nxd4 Nf6 5.Nc3 Nc6 6.Bc4 e6 7.Be3 a6 8.Qe2 
Qc7 9.O-O-O Na5 10.Bd3 b5 11.a3 Bb7 12.g4 d5 13.exd5 Nxd5 14.Ndxb5 Qb8 15.
Nxd5 Bxd5 16.Nc3 Bxh1 17.Rxh1 Qc7 18.Nd5 Qc6 19.Bxa6 Rxa6 20.Qxa6 Nb3+ 21.
Kb1 Qxd5 22.Re1 Nc5 23.Bxc5 Qxc5 24.Rd1 Ke7 25.Qb7+ Kf6 26.Rd7 Kg5 27.Rxf7
g6 28.Qf3 Be7 29.Qf4+ Kh4 30.Qg3+ Kg5 31.f4+ 1-0

[Event "24th Rubinstein Memorial"]
[Site "Polanica Zdroj POL"]
[Date "1986.08.??"]
[Round "10"]
[White "Murshed, Niaz"]
[Black "Dejkalo, Stefan"]
[Result "1-0"]
[WhiteElo "2415"]
[BlackElo "2450"]
[EventDate "1986.08.04"]
[PlyCount "41"]

1.d4 e6 2.c4 c5 3.d5 exd5 4.cxd5 g6 5.Nc3 d6 6.Bf4 Nf6 7.Nf3 a6 8.e4 b5 9.
Qe2 Ra7 10.e5 Re7 11.O-O-O dxe5 12.Bg5 Nbd7 13.g3 b4 14.d6 bxc3 15.dxe7 
cxb2+ 16.Qxb2 Qxe7 17.Bh3 Bg7 18.Bxd7+ Bxd7 19.Qb8+ Qd8 20.Qxd8+ Kxd8 21.
Nxe5 1-0

[Event "24th Rubinstein Memorial"]
[Site "Polanica Zdroj POL"]
[Date "1986.08.??"]
[Round "10"]
[White "Lerner, Konstantin"]
[Black "Mokry, Karel"]
[Result "1-0"]
[WhiteElo "2550"]
[BlackElo "2520"]
[EventDate "1986.08.04"]
[PlyCount "80"]

1.d4 d5 2.c4 c6 3.Nf3 Nf6 4.Nc3 dxc4 5.a4 Bf5 6.e3 e6 7.Bxc4 Bb4 8.O-O 
Nbd7 9.Nh4 Bg4 10.f3 Nd5 11.fxg4 Qxh4 12.Qf3 Qe7 13.a5 O-O 14.Bd2 Rad8 15.
Kh1 Nc7 16.Rf2 a6 17.g3 Ne8 18.Bb3 Nd6 19.h4 Kh8 20.Kh2 f5 21.g5 Ne4 22.
Nxe4 fxe4 23.Qe2 Rxf2+ 24.Qxf2 Ne5 25.Kh3 Nd3 26.Qg2 Bxd2 27.Qxd2 Rf8 28.
Qe2 Rf2 29.Qg4 Rf5 30.Qe2 e5 31.Rf1 Rxf1 32.Qxf1 exd4 33.Qf5 Qe8 34.exd4 
e3 35.Bc2 Nf2+ 36.Kg2 Qg8 37.Kf3 h5 38.gxh6 gxh6 39.Qe5+ Qg7 40.Qe8+ Qg8 
1-0

[Event "24th Rubinstein Memorial"]
[Site "Polanica Zdroj POL"]
[Date "1986.08.??"]
[Round "10"]
[White "Pekarek, Ales"]
[Black "Farago, Ivan"]
[Result "0-1"]
[WhiteElo "2445"]
[BlackElo "2520"]
[EventDate "1986.08.04"]
[PlyCount "80"]

1.Nf3 Nf6 2.c4 c5 3.d4 cxd4 4.Nxd4 e6 5.Nc3 Bb4 6.Bd2 O-O 7.a3 Be7 8.Bf4 
d6 9.Nb3 b6 10.Qc2 Bb7 11.Rd1 a6 12.e4 Qc7 13.Bd3 Nbd7 14.O-O Ne5 15.Qe2 
Nfd7 16.Bg3 Rfc8 17.Nd2 Nxd3 18.Qxd3 Ne5 19.Qe3 Qc6 20.Rfe1 h6 21.h3 Rab8 
22.b3 Qc5 23.Qxc5 bxc5 24.Bxe5 dxe5 25.Nf3 Bc6 26.Nxe5 Rxb3 27.Nxc6 Rxc6 
28.Nd5 Bg5 29.f4 Bh4 30.Re3 Rb2 31.g3 exd5 32.exd5 Rg6 33.Rdd3 f5 34.d6 
Rb8 35.d7 Kf7 36.Kf1 Be7 37.Rd5 Rf6 38.Ree5 g6 39.Ke2 Rd8 40.g4 fxg4 0-1

[Event "24th Rubinstein Memorial"]
[Site "Polanica Zdroj POL"]
[Date "1986.08.??"]
[Round "11"]
[White "Dejkalo, Stefan"]
[Black "Lerner, Konstantin"]
[Result "0-1"]
[WhiteElo "2450"]
[BlackElo "2550"]
[EventDate "1986.08.04"]
[PlyCount "76"]

1.d4 Nf6 2.c4 e6 3.Nf3 a6 4.Nc3 c5 5.e3 d5 6.cxd5 exd5 7.Be2 Nc6 8.O-O Bd6
9.dxc5 Bxc5 10.b3 O-O 11.Na4 Ba7 12.Ba3 Re8 13.Bc5 Bb8 14.Rc1 Ne4 15.Bb6 
Qd6 16.g3 Bg4 17.Nd4 Bh3 18.Re1 Qf6 19.f4 Be5 20.Nxc6 bxc6 21.Bf3 Bb8 22.
Qc2 c5 23.Bxc5 Qf5 24.Bd4 Bd6 25.Nb6 Rad8 26.Qe2 Re6 27.Rc6 Rg6 28.Rec1 h6
29.Nc8 Ba3 30.Rc7 Kh7 31.R1c2 Bg4 32.Bxg4 Rxg4 33.Ne7 Bxe7 34.Rxe7 a5 35.
Re5 Qg6 36.f5 Qh5 37.Qf3 Rxg3+ 38.Qg2 Qd1# 0-1

[Event "24th Rubinstein Memorial"]
[Site "Polanica Zdroj POL"]
[Date "1986.08.??"]
[Round "11"]
[White "Lau, Ralf"]
[Black "Hawelko, Marek"]
[Result "0-1"]
[WhiteElo "2455"]
[BlackElo "2480"]
[EventDate "1986.08.04"]
[PlyCount "114"]

1.Nf3 d5 2.c4 e6 3.g3 dxc4 4.Qa4+ Nd7 5.Bg2 a6 6.Qxc4 b5 7.Qc6 Rb8 8.Qc2 
Bb7 9.O-O c5 10.a4 Ngf6 11.d3 Bd6 12.axb5 axb5 13.Nc3 Qb6 14.Bg5 h6 15.
Bxf6 Nxf6 16.Qb3 O-O 17.Rfc1 Bc6 18.Nd2 Bxg2 19.Kxg2 Rfc8 20.Kg1 Ng4 21.
Nce4 Be7 22.h3 Ne5 23.Qc3 Nd7 24.Qc2 f5 25.Nc3 Ne5 26.Nd1 Bf6 27.Qb3 Kf7 
28.Kh2 g5 29.Qa2 Nc6 30.Nf3 h5 31.Qa6 g4 32.Qxb6 Rxb6 33.Ng1 Be7 34.Kg2 
Ke8 35.hxg4 hxg4 36.f3 Kd7 37.fxg4 fxg4 38.Nf2 Rg8 39.Ne4 c4 40.dxc4 bxc4 
41.Rxc4 e5 42.Nf2 Nd4 43.Nd3 Ke6 44.e3 Nf5 45.Re4 Bf6 46.Ne2 Rc8 47.Kf2 
Rc2 48.Rxg4 Nd6 49.Rga4 Kf5 50.g4+ Ke6 51.Rc1 Bh4+ 52.Kf3 Rbc6 53.Rxc2 
Rxc2 54.e4 Nc4 55.Ra6+ Kd7 56.Nc5+ Kc7 57.Nc3 Rf2# 0-1

[Event "24th Rubinstein Memorial"]
[Site "Polanica Zdroj POL"]
[Date "1986.08.??"]
[Round "11"]
[White "Kuczynski, Robert"]
[Black "Tischbierek, Raj"]
[Result "0-1"]
[WhiteElo "2435"]
[BlackElo "2425"]
[EventDate "1986.08.04"]
[PlyCount "100"]

1.e4 e5 2.Nf3 Nf6 3.Nxe5 d6 4.Nc4 Nxe4 5.d4 Be7 6.Ne3 O-O 7.Bd3 Nf6 8.Nf5 
c5 9.O-O Bxf5 10.Bxf5 cxd4 11.Qxd4 Nc6 12.Qa4 d5 13.c3 d4 14.Rd1 Qd5 15.
Bd3 Qh5 16.cxd4 Rad8 17.Bf1 b5 18.Bxb5 Nxd4 19.Rxd4 Rxd4 20.Qxd4 Rd8 21.
Qxd8+ Bxd8 22.Nc3 Bc7 23.h3 Qe5 24.Kf1 Ne4 25.Bf4 Qxf4 26.Nxe4 f5 27.Nc3 
Bb6 28.Nd1 Qd2 29.a3 Kf8 30.Be2 Bd4 31.a4 Bc5 32.g3 f4 33.gxf4 Qxf4 34.Bg4
g6 35.Kg2 h5 36.Be2 Bd6 37.Bf1 Qe4+ 38.Kg1 Bc5 39.Rc1 Bb6 40.Rc4 Qb1 41.
Be2 Qf5 42.Rc3 Qe4 43.Rf3+ Kg7 44.Nc3 Qc2 45.Bb5 Qxb2 46.Ne2 Bc7 47.Kg2 
Qe5 48.Kf1 Qd5 49.Ng1 Bh2 50.Be2 Qg5 0-1